| 000 | 00000nam##2200000za#4500 |
| 001 | 9.618052 |
| 003 | CaOODSP |
| 005 | 20210615102600 |
| 007 | ta |
| 008 | 150406|2006||||xxc||||| f|0| 0 eng|d |
| 040 | |aCaOODSP|beng |
| 043 | |an-cn--- |
| 086 | 1 |aNH18-22/106-112E |
| 110 | 2 |aCanada Mortgage and Housing Corporation. |
| 245 | 10|aArviat Community and Housing Design Charrette |
| 260 | |bCanada Mortgage and Housing Corporation |c2006. |
| 300 | |a9, [1]p. : |bfig., illus., tables, photographs ; |c28 cm. |
| 490 | 1 |aResearch highlight. Technical series |v06-112 |
| 520 | 3 |aThese technical papers summarize a wide range of housing-related studies, reports, and manuals. They examine issues as diverse as low-maintenance northern landscaping; policy options for achieving healthy indoor air quality; and various aspects of building performance, including high-rise building envelope performance, performance of various building materials, and evaluations of district heating systems. |
| 563 | |aPamphlet |
| 590 | |a06-47|b2006-11-24 |
| 690 | 07|aHousing|2gcpds |
| 690 | 07|aInuit|2gcpds |
| 690 | 07|aMeetings|2gcpds |
| 690 | 07|aPlanning|2gcpds |
| 775 | 08|tCharrette sur la conception de logements pour la collectivité d'Arviat |w(CaOODSP)9.627329 |
| 776 | 0#|tArviat community and housing design charrette |w(CaOODSP)9.581197 |
| 830 | #0|aResearch highlight. Technical series ;|v06-112|w(CaOODSP)9.514826 |